[Event "Landesliga U20 Nord 1718"]
[Site "Bayern"]
[Date "2018.03.10"]
[Round "6.2"]
[White "Vu, Daniel"]
[Black "Oberhofer, Marie"]
[Result "1-0"]
[WhiteElo "1587"]
[BlackElo "1705"]
[PlyCount "47"]
[EventDate "2017.11.18"]
[EventType "team-tourn"]
[EventRounds "7"]
[EventCountry "GER"]
[SourceTitle "EXT 2022"]
[Source "ChessBase"]
[SourceDate "2021.10.06"]
[SourceVersion "1"]
[SourceVersionDate "2021.10.06"]
[SourceQuality "1"]
[WhiteTeam "Fuerth SG U20"]
[BlackTeam "Regensburg Bavaria U20 II"]
[WhiteTeamCountry "GER"]
[BlackTeamCountry "GER"]

1. d4 Nf6 2. c4 c5 3. Nf3 e6 4. Nc3 cxd4 5. Nxd4 Bb4 6. Bd2 0-0 7. e3 Nc6 8. Nce2 Bxd2+ 9. Qxd2 Ne4 10. Qc2 Qa5+ 11. Nc3 Nxc3 12. bxc3 Rd8 13. Rd1 Ne7 14. Bd3 g6 15. h4 d5 16. cxd5 Nxd5 17. Ne2 b6 18. h5 Ne7 19. hxg6 hxg6 20. Be4 Rxd1+ 21. Qxd1 Nd5 22. Qd4 Kf8 23. Bxd5 Qxd5 24. Qf6 1-0

[Event "Landesliga U20 Nord 1718"]
[Site "Bayern"]
[Date "2018.03.10"]
[Round "7.2"]
[White "Vu, Daniel"]
[Black "Stoeckl, Maximilian"]
[Result "0-1"]
[WhiteElo "1587"]
[BlackElo "1705"]
[PlyCount "80"]
[EventDate "2017.11.18"]
[EventType "team-tourn"]
[EventRounds "7"]
[EventCountry "GER"]
[SourceTitle "EXT 2022"]
[Source "ChessBase"]
[SourceDate "2021.10.06"]
[SourceVersion "1"]
[SourceVersionDate "2021.10.06"]
[SourceQuality "1"]
[WhiteTeam "Fuerth SG U20"]
[BlackTeam "Schwandorf U20"]
[WhiteTeamCountry "GER"]
[BlackTeamCountry "GER"]

1. d4 Nf6 2. c4 e6 3. Nc3 Bb4 4. Bd2 0-0 5. Nf3 b6 6. e3 Bb7 7. Be2 d6 8. 0-0 Nbd7 9. Rc1 c5 10. Nb5 Bxd2 11. Nxd2 Qe7 12. Bf3 Bxf3 13. Qxf3 a6 14. Nc3 Rab8 15. a4 Rfd8 16. Rfe1 Nf8 17. Nde4 Nxe4 18. Qxe4 Qb7 19. Qd3 Ng6 20. Red1 cxd4 21. Qxd4 Ne7 22. Rd2 Rd7 23. Rcd1 Rbd8 24. e4 Nc6 25. Qe3 Ne5 26. b3 h6 27. f4 Ng4 28. Qe2 Nf6 29. g4 Qc6 30. g5 hxg5 31. Qe3 gxf4 32. Qxf4 d5 33. exd5 exd5 34. Nxd5 Nxd5 35. Qf3 Qc5+ 36. Kh1 Nf6 37. Rxd7 Rxd7 38. Rg1 Qe5 39. Qa8+ Qe8 40. Qc6 Qe4+ 0-1

[Event "Landesliga U20 Nord 1718"]
[Site "Bayern"]
[Date "2018.01.27"]
[Round "5.4"]
[White "Deichsel, Markus"]
[Black "Vu, Daniel"]
[Result "0-1"]
[WhiteElo "1188"]
[BlackElo "1587"]
[PlyCount "73"]
[EventDate "2017.11.18"]
[EventType "team-tourn"]
[EventRounds "7"]
[EventCountry "GER"]
[SourceTitle "EXT 2022"]
[Source "ChessBase"]
[SourceDate "2021.10.06"]
[SourceVersion "1"]
[SourceVersionDate "2021.10.06"]
[SourceQuality "1"]
[WhiteTeam "Kulmbach U20"]
[BlackTeam "Fuerth SG U20"]
[WhiteTeamCountry "GER"]
[BlackTeamCountry "GER"]

1. d4 d5 2. c4 e6 3. Nc3 Nf6 4. Bg5 Be7 5. Nf3 0-0 6. e3 h6 7. Bh4 b6 8. a3 Ba6 9. b3 Nbd7 10. Bd3 c5 11. cxd5 Bxd3 12. dxe6 cxd4 13. exd7 Bf1 14. Kxf1 dxc3 15. Qd3 Qc7 16. Qc4 Qxc4+ 17. bxc4 Rfd8 18. Ke2 Rxd7 19. Rhc1 g5 20. Bg3 Ne4 21. Ne5 Rd2+ 22. Kf3 f5 23. h3 Rb2 24. Nd3 Nd2+ 25. Ke2 Nb3+ 26. Kf3 Nxa1 27. Rd1 Rd2 28. Rxd2 cxd2 29. Nb2 Bxa3 30. Nd1 Rc8 31. Ke2 Bc1 32. Kd3 a5 33. f4 a4 34. Nc3 a3 35. Ke2 Rxc4 36. Nb1 a2 37. Nxd2 0-1

[Event "Nuremberg Zabo op 19th"]
[Site "Nuremberg"]
[Date "2017.09.15"]
[Round "1"]
[White "Luessmann, Thomas"]
[Black "Vu, Daniel"]
[Result "1-0"]
[WhiteElo "2010"]
[BlackElo "1573"]
[PlyCount "41"]
[EventDate "2017.09.15"]
[EventType "swiss"]
[EventRounds "5"]
[EventCountry "GER"]
[SourceTitle "EXT 2022"]
[Source "ChessBase"]
[SourceDate "2021.10.06"]
[SourceVersion "1"]
[SourceVersionDate "2021.10.06"]
[SourceQuality "1"]

1. d4 d5 2. c4 e6 3. Nc3 Bb4 4. e3 Nf6 5. Nge2 c5 6. a3 cxd4 7. axb4 dxc3 8. bxc3 0-0 9. Bb2 dxc4 10. Qxd8 Rxd8 11. Nd4 b6 12. Bxc4 Bb7 13. f3 Rc8 14. Bb3 Nd5 15. Kf2 Nc6 16. Nb5 Ne5 17. Rhd1 Nc4 18. Bxc4 Rxc4 19. e4 Nf6 20. Rxa7 Rxa7 21. Rd8+ 1-0